00259nam a2200097Ia 4500082000800000245002100008100006500029942000700094008004100101999001900142 aPAU 0aAngel van wraak  a PAUW, Nanda Pretoria, 1994 Grootdrukuitg 914650 cBK210817s9999 xx 000 0 und d c388505d388503